Vida y obra de Juan Donoso Cortés / (Record n. 3360)

Dettagli MARC
000 -LEADER
fixed length control field 00651nam a2200217 i 4500
003 - CONTROL NUMBER IDENTIFIER
control field IT-RoINE
005 - DATE AND TIME OF LATEST TRANSACTION
control field 20200721051301.0
008 - FIXED-LENGTH DATA ELEMENTS--GENERAL INFORMATION
fixed length control field 980416s1997 sp | r ||| |bspa d
020 ## - INTERNATIONAL STANDARD BOOK NUMBER
International Standard Book Number 8477680884
040 ## - CATALOGING SOURCE
Original cataloging agency SpMaBN
Language of cataloging spa
Transcribing agency SpMaBN
Description conventions rdc
100 1# - MAIN ENTRY--PERSONAL NAME
9 (RLIN) 4072
Personal name Suárez, Federico,
Dates associated with a name 1917-2005
245 10 - TITLE STATEMENT
Title Vida y obra de Juan Donoso Cortés /
Statement of responsibility, etc Federico Suárez.
260 ## - PUBLICATION, DISTRIBUTION, ETC. (IMPRINT)
Place of publication, distribution, etc Pamplona :
Name of publisher, distributor, etc Eunate,
Date of publication, distribution, etc 1997.
300 ## - PHYSICAL DESCRIPTION
Extent 1088 p. ;
Dimensions 22 cm.
336 ## - CONTENT TYPE
Source rdacontent
Content type term text
337 ## - MEDIA TYPE
Source rdamedia
Media type term unmediated
338 ## - CARRIER TYPE
Source rdacarrier
Carrier type term volume
500 ## - GENERAL NOTE
General note Incluye índices.
600 14 - SUBJECT ADDED ENTRY--PERSONAL NAME
Personal name Donoso Cortés, Juan,
Dates associated with a name 1809-1853
9 (RLIN) 1544
General subdivision Biografía
942 ## - ADDED ENTRY ELEMENTS (KOHA)
Item type Monografías
Dati di copia
Withdrawn status Lost status Damaged status Not for loan Home library Current library Date acquired Total Checkouts Full call number Barcode Date last seen Price effective from Koha item type
        Iglesia Nacional Española en Roma Iglesia Nacional Española en Roma 28/04/2014   BIO 1371 3819 28/04/2014 28/04/2014 Monografías